Mozart en su viaje a Praga / (Registro nro. 21673)
[ vista simple ]
| 000 -CABECERA | |
|---|---|
| campo de control de longitud fija | 00909nam a2200265 a 4500 |
| 001 - NÚMERO DE CONTROL | |
| campo de control | 000022175 |
| 005 - FECHA Y HORA DE LA ÚLTIMA TRANSACCIÓN | |
| campo de control | 20200930011620.0 |
| 008 - DATOS DE LONGITUD FIJA--INFORMACIÓN GENERAL | |
| campo de control de longitud fija | 100917s1992 ve 000 |bspa d |
| 020 ## - NÚMERO INTERNACIONAL ESTÁNDAR DEL LIBRO | |
| Número Internacional Estándar del Libro | 9800103899 |
| 040 ## - FUENTE DE LA CATALOGACIÓN | |
| Centro catalogador/agencia de origen | DO-SdBNP |
| Lengua de catalogación | spa |
| Centro/agencia transcriptor | BNPHU |
| 082 ## - NÚMERO DE LA CLASIFICACIÓN DECIMAL DEWEY | |
| Número de clasificación | 833.8 |
| Número de documento/Ítem | M939M |
| 049 ## - FONDOS LOCALES (OCLC) | |
| Fondos de biblioteca | BNGR |
| 100 1# - ENTRADA PRINCIPAL--NOMBRE DE PERSONA | |
| Nombre de persona | Mörike, Eduard |
| 9 (RLIN) | 45879 |
| 245 10 - MENCIÓN DE TÍTULO | |
| Título | Mozart en su viaje a Praga / |
| Mención de responsabilidad, etc. | Eduard Mörike; traducción, Ana María Gathmann; prólogo, Edgardo Mondolfi; edición, Juan Luis Delmont. |
| 260 ## - PUBLICACIÓN, DISTRIBUCIÓN, ETC. | |
| Lugar de publicación, distribución, etc. | Caracas, (Venezuela) : |
| Nombre del editor, distribuidor, etc. | Monte Avila Latinoamericana, |
| Fecha de publicación, distribución, etc. | 1992. |
| 300 ## - DESCRIPCIÓN FÍSICA | |
| Extensión | 377 p. ; |
| Dimensiones | 18 cm. |
| 490 1# - MENCIÓN DE SERIE | |
| Mención de serie | Memorabilia |
| 500 ## - NOTA GENERAL | |
| Nota general | Incluye notas al pie de páginas |
| 650 #4 - PUNTO DE ACCESO ADICIONAL DE MATERIA--TÉRMINO DE MATERIA | |
| Término de materia o nombre geográfico como elemento de entrada | Novela alemana |
| 9 (RLIN) | 3302 |
| 650 #4 - PUNTO DE ACCESO ADICIONAL DE MATERIA--TÉRMINO DE MATERIA | |
| Término de materia o nombre geográfico como elemento de entrada | Literatura alemana |
| 9 (RLIN) | 3274 |
| 700 1# - PUNTO DE ACCESO ADICIONAL--NOMBRE DE PERSONA | |
| Nombre de persona | Gathmann, Ana María |
| Término indicativo de función/relación | tr. |
| 9 (RLIN) | 45880 |
| 700 1# - PUNTO DE ACCESO ADICIONAL--NOMBRE DE PERSONA | |
| Nombre de persona | Mondolfi, Edgardo |
| Término indicativo de función/relación | pról. |
| 9 (RLIN) | 38940 |
| 700 1# - PUNTO DE ACCESO ADICIONAL--NOMBRE DE PERSONA | |
| Nombre de persona | Delmont, Juan Luis |
| Término indicativo de función/relación | ed. |
| 9 (RLIN) | 45881 |
| 830 #0 - PUNTO DE ACCESO ADICIONAL DE SERIE-TÍTULO UNIFORME | |
| Título uniforme | Memorabilia |
| 9 (RLIN) | 45882 |
| Estado de retiro | Estado de pérdida | Restricciones de uso | No para préstamo | Código de colección | Localización permanente | Ubicación/localización actual | Ubicación en estantería | Fecha de adquisición | Número de inventario | Total de préstamos | Signatura topográfica completa | Código de barras | Fecha visto por última vez | Precio válido a partir de | Tipo de ítem Koha | Número de copia |
|---|---|---|---|---|---|---|---|---|---|---|---|---|---|---|---|---|
| Monografías: Libros y Folletos | General | General | En catalogación | 17.09.2010 | LF1 | 833.8 M939M | 22175-10 | 25.06.2020 | 25.06.2020 | Préstamo en sala | ||||||
| Excluido de préstamo | Monografías: Libros y Folletos | General | General | En catalogación | 17.09.2010 | LF1 | 833.8 M939M | 22175-20 | 25.06.2020 | 25.06.2020 | No se presta | e.2 |
